<?xml version="1.0" encoding="UTF-8"?><?xml-stylesheet type="text/xsl" href="static/style.xsl"?><OAI-PMH xmlns="http://www.openarchives.org/OAI/2.0/" xmlns:xsi="http://www.w3.org/2001/XMLSchema-instance" xsi:schemaLocation="http://www.openarchives.org/OAI/2.0/ http://www.openarchives.org/OAI/2.0/OAI-PMH.xsd"><responseDate>2026-04-13T13:41:28Z</responseDate><request verb="GetRecord" identifier="oai:www.recercat.cat:2072/463840" metadataPrefix="marc">https://recercat.cat/oai/request</request><GetRecord><record><header><identifier>oai:recercat.cat:2072/463840</identifier><datestamp>2025-10-13T09:42:38Z</datestamp><setSpec>com_2072_98</setSpec><setSpec>col_2072_378192</setSpec></header><metadata><record xmlns="http://www.loc.gov/MARC21/slim" xmlns:dcterms="http://purl.org/dc/terms/" xmlns:xsi="http://www.w3.org/2001/XMLSchema-instance" xmlns:doc="http://www.lyncode.com/xoai" xsi:schemaLocation="http://www.loc.gov/MARC21/slim http://www.loc.gov/standards/marcxml/schema/MARC21slim.xsd">
   <leader>00925njm 22002777a 4500</leader>
   <datafield ind2=" " ind1=" " tag="042">
      <subfield code="a">dc</subfield>
   </datafield>
   <datafield ind2=" " ind1=" " tag="720">
      <subfield code="a">De Leiva Hidalgo, Alberto</subfield>
      <subfield code="e">author</subfield>
   </datafield>
   <datafield ind2=" " ind1=" " tag="720">
      <subfield code="a">de Leiva-Pérez, Alejandra</subfield>
      <subfield code="e">author</subfield>
   </datafield>
   <datafield ind2=" " ind1=" " tag="260">
      <subfield code="c">2022</subfield>
   </datafield>
   <datafield ind2=" " ind1=" " tag="520">
      <subfield code="a">Altres ajuts: acords transformatius de la UAB</subfield>
   </datafield>
   <datafield ind2=" " ind1=" " tag="520">
      <subfield code="a">Aims: The introduction of hormonal treatment in severe diabetes in 1922 represented a clinical and social impact similar to that of antibiotic therapy. In October 1923, the Assembly of the Karolinska Institute decided to award the Nobel Prize in Physiology or Medicine to the Canadian Frederick Grant Banting and the Scottish John James Rickard Macleod, researchers at the University of Toronto (UT), for "the discovery of insulin a year before". A few weeks later, European and American researchers protested the decision. The controversy remains to this day. Methods: We have conducted a comprehensive review of primary and critical sources focused on theorganotherapy of animal and human diabetes mellitus since 1889, when Oskar Minkowski demonstrated the induction of experimental diabetes by total pancreatectomy in the dog, until the spring of 1923, when the Nobel Foundation had already received all the nominations for the award in Physiology or Medicine. Results: The in-depth analysis of all these sources revealed that Europe was the cradle of the discovery of the antidiabetic hormone. The discovery involved multiple research steps headed by a long list of key investigators, mainly European. Conclusion: Marcel Eugène Émile Gley was the frst to demonstrate the presence of the "antidiabetic principle" in extracts from "sclerosed" pancreas. The French physiologist pioneered the successful reduction of glycosuria and diabetic symptoms by the parenteral administration of pancreatic extracts to depancreatized dogs in experiments developed between 1890 and 1905, antedating insulin in two decades.</subfield>
   </datafield>
   <datafield tag="653" ind2=" " ind1=" ">
      <subfield code="a">Organotherapy</subfield>
   </datafield>
   <datafield tag="653" ind2=" " ind1=" ">
      <subfield code="a">Diabetes</subfield>
   </datafield>
   <datafield tag="653" ind2=" " ind1=" ">
      <subfield code="a">Pancreatectomy</subfield>
   </datafield>
   <datafield tag="653" ind2=" " ind1=" ">
      <subfield code="a">Pancreatic extracts</subfield>
   </datafield>
   <datafield tag="653" ind2=" " ind1=" ">
      <subfield code="a">Antidiabetic hormone</subfield>
   </datafield>
   <datafield ind2="0" ind1="0" tag="245">
      <subfield code="a">I-European research, the cradle of the discovery of the antidiabetic hormone: the pioneer roles and the relevance of Oskar Minkowski and Eugène Gley</subfield>
   </datafield>
</record></metadata></record></GetRecord></OAI-PMH>